| 000 | 00505nam a2200193Ia 4500 | ||
|---|---|---|---|
| 001 | 61447 | ||
| 008 | 141120s9999 xx 000 0 und d | ||
| 020 | _a9783034612722 | ||
| 040 | _cPK-LaUMT | ||
| 082 |
_a 712 _bINF- |
||
| 100 | _aHung, Ying-Yu | ||
| 245 |
_aLandscape infrastructure _bcase studies by SWA _cHung, Ying-Yu|[Et al,] |
||
| 260 |
_aBasel,Switzerland: _bBirkhauser Verlag GMBH, _c2013 |
||
| 300 | _a192 p. | ||
| 546 | _aEN | ||
| 650 | _aArchitecture | ||
| 700 | _a[Et al,] | ||
| 942 | _cBK | ||
| 999 |
_c61898 _d61898 |
||